Statistics for Cryptic Geography #2

Click here to take the quiz!

General Stats

  • This quiz has been taken 97 times
  • The average score is 10 of 17

Answer Stats

HintAnswer% Correct
UK rock band is a welcome sight in the desertOasis
89%
Greek letter about where river meets the seaDelta
86%
Supermarket passageway to small islandIsle
75%
Irishman in rice field?Paddy
75%
Frank Herbert novel about mound of sandDune
74%
Mr Phoenix in large streamRiver
72%
Sneak a look at mountain’s pointPeak
70%
Flow of data in brookStream
63%
The Doctor’s sidekick, Amy, in still small body of waterPond
60%
Stop improving on high, level groundPlateau
54%
Tread on grassland plainsSteppe
52%
Narrow waterway has no bendsStrait
49%
Large headland in sleeveless cloakCape
47%
Forgo turn in route through mountainsPass
46%
Reddish-brown horse in large coveBay
43%
Overwhelm marshSwamp
36%
Discard long, narrow drainage channelDitch
20%

Score Distribution

Percentile by Number Answered

Percent of People with Each Score

Your Score History

You have not taken this quiz